The Biology of parasitic spirochetes /

Bibliographic Details
Uniform Title:Biology of parasitic spirochetes (Online)
Corporate Author: ScienceDirect (Online service)
Other Authors: Johnson, Russell C.
Format: eBook
Language:English
Published: New York : Academic Press, 1976.
Subjects:
Online Access:Connect to the full text of this electronic book

MARC

Tag First Indicator Second Indicator Subfields
LEADER 00000cam a2200000 i 4500
001 in00005770197
005 20260327172921.9
006 m o d
007 cr n |||
008 760218s1976 nyua ob 001 0 eng d
010 |z  76004842  
040 |a COA  |b eng  |e rda  |c COA  |d OCLCF  |d OCLCQ  |d OCLCO  |d OCLCL  |d OCLCQ 
020 |a 012387050X 
020 |a 9780123870506 
024 8 |a (WaSeSS)ssj0001063149 
035 |a (OCoLC)1340070457 
050 0 0 |a QR82.S7  |b B56 
082 0 4 |a 616.01/4/9 
049 |a TXAM 
130 0 |a Biology of parasitic spirochetes (Online) 
245 1 4 |a The Biology of parasitic spirochetes /  |c edited by Russell C. Johnson. 
264 1 |a New York :  |b Academic Press,  |c 1976. 
300 |a 1 online resource (xiii, 402 pages :)  |b illustrations 
336 |a text  |b txt  |2 rdacontent 
337 |a computer  |b c  |2 rdamedia 
338 |a online resource  |b cr  |2 rdacarrier 
347 |a text file  |2 rdaft  |0 http://rdaregistry.info/termList/fileType/1002. 
504 |a Includes bibliographies and index. 
650 0 |a Spirochetes  |x Congresses. 
650 0 |a Spirochaetosis  |x Congresses. 
650 2 |a Spirochaetales  |x Congresses. 
650 6 |a Spirochætales  |x Congrès. 
650 6 |a Spirochétose  |x Congrès. 
650 7 |a Spirochaetosis  |2 fast 
650 7 |a Spirochetes  |2 fast 
655 7 |a Electronic books.  |2 local 
655 7 |a Conference papers and proceedings  |2 fast 
700 1 |a Johnson, Russell C. 
710 2 |a ScienceDirect (Online service) 
758 |i has work:  |a The biology of parasitic spirochaetes (Text)  |1 https://id.oclc.org/worldcat/entity/E39PCGMc8cQHxDg3KFvJcyhHBX  |4 https://id.oclc.org/worldcat/ontology/hasWork 
856 4 0 |u http://proxy.library.tamu.edu/login?url=https://www.sciencedirect.com/science/book/9780123870506  |z Connect to the full text of this electronic book  |t 0 
936 |a BATCHLOAD 
955 |a Elsevier ScienceDirect 2026-2027 
994 |a 92  |b TXA 
999 f f |i 9c9486dd-b814-428e-b82f-81427f7e8c11  |s b9961024-96c1-4c37-a132-047ac33ec25b  |t 0 
952 f f |a Texas A&M University  |b College Station  |c Electronic Resources  |s www_evans  |d Available Online  |t 0  |e QR82.S7 B56  |h Library of Congress classification 
998 f f |a QR82.S7 B56  |t 0  |l Available Online